02695 2200289 4500001002100000005001500021035002000036245008400056100002800140300002600168710005300194260004600247082001000293084001600303020003000319650002500349520180200374700003302176264004602209336001802255337001602273338001802289008004102307990001902348990001902367990001902386INLIS00000000001471520250911090250 a0010-07250000011 aPsikologi sosial :bSebagai akar ilmu komunikasi /cProf. Dr. Nina W. Syam, M.S0 aNina W. SyamePengarang axii, 252 hlm.; 24 cm. aClavis Global Indonesia (penerjemah)ePenyunting aJakarta :bClavis Global Indonesia,c2021 a153.6 a153.6 NIN p a978 - 979 - 3782 - 87 - 4 aPsikologi Komunikasi aPsikologi Sosial sebagai akar ilmu komunlkasi merupakan buku ketiga dari 8 (delapan) judul Seri Pohon Komunilkasi, sekaligus sebagal salah satu landasan imiah konmunikasi dari 8 (delapan) landasan yang disajikan (filsafat, psikolog, psikologi sosial, sosiologi, antropologi, biologl, fisika, dan matematika). Psikologi Sosial diplih sebagai akar ilmu sekaligus landasan ilmiah komunikasi ketiga karena psikologi sosial merupakan ilmu yang mengkaji perilaku individu manusia yang hidup dalam masyarakat (individual in society), yang dalam tatanan komunikasi, dikenal dengan komunikasi antarpribadi (interpersonal communication), komunikasi kelompok (group communication), komunikasi publik (public communication), dan komunikasi massa (mass communication). Psikologi Sosial dikaji untuk mengetahui bagaimana proses komunikasi yang terjadi antamanusia sebagai individu atau antara individu dengan kelompok, publik, dan khalayak (massa) yang bersifat konkret. Psikologi Sosial sebagai landasan ilmiah komuikasi berupaya mengkaji peran dan fungsi manusia dalam tatanan kehidupan sosial dengan memperhatikan fungsi dirinya secara psikologis untuk dapat memahami diri dan lingkungannya sehingga tercipta suasana yang harmonis. Buku ini merupakan buah pemikiran penulis selama bertahun-tahun memberi kuliah dalam bidang ilmu komunikasi di Universitas Padjadjaran, khususnya mata kuliah Landasan lmiah Komunikasi untuk program S2 dan S3. Ini menjadi suatu kesempatan yang sangat berharga bagi penulis untuk terus mengeksplorasi ilmu agar tidak tertinggal oleh kemajuan zaman. Semangat itu pula yang ingin penulis tularkan kepada pembaca, terutama mahasiswa ilmu komunikasi, dengan terus mengkajl ilmu secara holistik (tidak parsial) untuk menumbuhkan pola pikir yang filosofis, integral dan agamais.0 aRema K. SoenendarePengarang aJakarta :bClavis Global Indonesia,c2021 2rdacontenta- 2rdamediaa- 2rdacarriera-250911 e 0 ind  a025.3729/PC/25 a025.3730/PC/25 a025.3731/PC/25